Normal view
MARC view
- كوكش، يحيى رامز ؛ م.مشارك: خالد ابراهيم الفتياني
Entry Personal Name
001 - CONTROL NUMBER
- control field: 32935
003 - CONTROL NUMBER IDENTIFIER
- control field: JO-AjAnu
005 - DATE AND TIME OF LATEST TRANSACTION
- control field: 20230606075530.0
008 - FIXED-LENGTH DATA ELEMENTS
- fixed length control field: 230606|| aca||aabn | a|a d
040 ## - CATALOGING SOURCE
- Original cataloging agency: JO-AjAnu
- Transcribing agency: JO-AjAnu
100 ## - HEADING--PERSONAL NAME
- Personal name: كوكش، يحيى رامز ؛ م.مشارك: خالد ابراهيم الفتياني
670 ## - SOURCE DATA FOUND
- Source citation: Work cat.: (JO-AjAnu)16921: كوكش، يحيى رامز ؛ م.مشارك: خالد ابراهيم الفتياني, author, الواضح في الثقافة الإسلامية